[Event "Britsh Columbia-ch U20"]
[Site "Vancouver CAN"]
[Date "2012.12.01"]
[Round "2.2"]
[White "Doknjas, John"]
[Black "Cao, Jason"]
[Result "1-0"]
[WhiteElo "2070"]
[BlackElo "2212"]
[PlyCount "95"]
[GameId "2160767909411214"]
[EventDate "2012.12.01"]
[EventType "swiss"]
[EventRounds "5"]
[EventCountry "CAN"]
[SourceTitle "EXT 2022"]
[Source "ChessBase"]
[SourceDate "2021.10.06"]
[SourceVersion "1"]
[SourceVersionDate "2021.10.06"]
[SourceQuality "1"]

1. d4 Nf6 2. c4 g6 3. Nc3 Bg7 4. e4 d6 5. f3 O-O 6. Be3 Nc6 7. Qd2 a6 8. Nge2 Rb8 9. Nc1 e5 10. d5 Nd4 11. Nb3 Nxb3 12. axb3 c5 13. g4 h5 14. h3 Nh7 15. gxh5 Qh4+ 16. Kd1 Qxh5 17. Be2 f5 18. h4 f4 19. Bf2 g5 20. Kc2 g4 21. fxg4 Bxg4 22. Bxg4 Qxg4 23. h5 Kh8 24. Rag1 Qd7 25. Rg6 Bf6 26. Bh4 b5 27. cxb5 axb5 28. Bxf6+ Rxf6 29. Qg2 b4 30. Rg1 Qf7 31. Nd1 f3 32. Qg3 Rc8 33. Qg4 Re8 34. Rg7 f2 35. Rxf7 fxg1=Q 36. Rxh7+ Kxh7 37. Qxg1 Rg8 38. Qh2 Rf4 39. Qh3 Kh8 40. Qe6 Rg2+ 41. Kd3 Rg3+ 42. Kc4 Rxe4+ 43. Kb5 Rf4 44. Qxd6 Rf5 45. Qh6+ Kg8 46. Qe6+ Rf7 47. d6 Rd3 48. Qg6+ 1-0

[Event "Britsh Columbia-ch U20"]
[Site "Vancouver CAN"]
[Date "2012.12.01"]
[Round "2.3"]
[White "Cheng, Jack"]
[Black "Yu, Robin"]
[Result "1-0"]
[WhiteElo "2206"]
[BlackElo "1509"]
[PlyCount "43"]
[GameId "2160767909411215"]
[EventDate "2012.12.01"]
[EventType "swiss"]
[EventRounds "5"]
[EventCountry "CAN"]
[SourceTitle "EXT 2022"]
[Source "ChessBase"]
[SourceDate "2021.10.06"]
[SourceVersion "1"]
[SourceVersionDate "2021.10.06"]
[SourceQuality "1"]

1. e4 d6 2. d4 Nf6 3. Nc3 g6 4. Be3 Bg7 5. f3 O-O 6. Qd2 Re8 7. Nge2 c6 8. g4 b5 9. h4 a5 10. h5 a4 11. hxg6 hxg6 12. Ng3 Qc7 13. Qh2 b4 14. Bh6 Nxg4 15. fxg4 bxc3 16. Bxg7 Kxg7 17. Qh6+ Kf6 18. g5+ Ke6 19. Bh3+ f5 20. Bxf5+ Kf7 21. Qxg6+ Kf8 22. Rh8# 1-0

[Event "Britsh Columbia-ch U20"]
[Site "Vancouver CAN"]
[Date "2012.12.01"]
[Round "2.4"]
[White "Xiao, Alice"]
[Black "Sohal, Tanraj"]
[Result "0-1"]
[WhiteElo "1890"]
[BlackElo "2192"]
[PlyCount "60"]
[GameId "2160767909411216"]
[EventDate "2012.12.01"]
[EventType "swiss"]
[EventRounds "5"]
[EventCountry "CAN"]
[SourceTitle "EXT 2022"]
[Source "ChessBase"]
[SourceDate "2021.10.06"]
[SourceVersion "1"]
[SourceVersionDate "2021.10.06"]
[SourceQuality "1"]

1. e4 c5 2. Nf3 Nc6 3. Bb5 g6 4. Bxc6 bxc6 5. d3 Bg7 6. Nc3 d6 7. h3 e5 8. Be3 Rb8 9. Rb1 Ne7 10. Qd2 O-O 11. Bh6 f5 12. Bxg7 Kxg7 13. exf5 Bxf5 14. Ne4 h6 15. c3 c4 16. Qe3 cxd3 17. g4 Nd5 18. Qxd3 Bxe4 19. Qxe4 Qf6 20. c4 Nb4 21. a3 d5 22. Qe2 Qxf3 23. Qxf3 Nc2+ 24. Kd2 Rxf3 25. Kxc2 Rxf2+ 26. Kc1 dxc4 27. Re1 Rb3 28. Rxe5 Rxh3 29. Kd1 Rf1+ 30. Kc2 Rh2+ 0-1

[Event "Britsh Columbia-ch U20"]
[Site "Vancouver CAN"]
[Date "2012.12.01"]
[Round "2.5"]
[White "Gedajlovic, Max"]
[Black "Doknjas, Joshua"]
[Result "1-0"]
[WhiteElo "1782"]
[BlackElo "1859"]
[PlyCount "65"]
[GameId "2160767909411217"]
[EventDate "2012.12.01"]
[EventType "swiss"]
[EventRounds "5"]
[EventCountry "CAN"]
[SourceTitle "EXT 2022"]
[Source "ChessBase"]
[SourceDate "2021.10.06"]
[SourceVersion "1"]
[SourceVersionDate "2021.10.06"]
[SourceQuality "1"]

1. d4 d5 2. c4 dxc4 3. e3 e5 4. Nf3 exd4 5. exd4 Nf6 6. Bxc4 Be7 7. O-O O-O 8. Be3 Nbd7 9. Nbd2 Nb6 10. Bb3 c6 11. Qc2 g6 12. Ne5 Nbd5 13. Ndf3 Be6 14. Bh6 Re8 15. Ng5 Bf8 16. Bxf8 Kxf8 17. Qd2 Kg7 18. f4 Ng4 19. Nxe6+ Rxe6 20. Nxg4 Qh4 21. Bxd5 cxd5 22. Ne5 Rae8 23. Rae1 f6 24. Nf3 Qg4 25. Rxe6 Rxe6 26. h3 Qf5 27. g4 Qe4 28. Re1 Qxf3 29. Rxe6 Qg3+ 30. Qg2 Qxf4 31. Qf2 Qc1+ 32. Kg2 Qg5 33. Qe3 1-0

[Event "Britsh Columbia-ch U20"]
[Site "Vancouver CAN"]
[Date "2012.12.01"]
[Round "2.6"]
[White "Foote, Joanne"]
[Black "Pulfer, Luke"]
[Result "1/2-1/2"]
[WhiteElo "1725"]
[BlackElo "1591"]
[PlyCount "91"]
[GameId "2160767909411218"]
[EventDate "2012.12.01"]
[EventType "swiss"]
[EventRounds "5"]
[EventCountry "CAN"]
[SourceTitle "EXT 2022"]
[Source "ChessBase"]
[SourceDate "2021.10.06"]
[SourceVersion "1"]
[SourceVersionDate "2021.10.06"]
[SourceQuality "1"]

1. e4 e5 2. Nf3 Nc6 3. Bb5 a6 4. Ba4 Nf6 5. O-O b5 6. Bb3 d6 7. c3 Na5 8. Bc2 c5 9. h3 Be7 10. Re1 O-O 11. d4 Qc7 12. Nbd2 Nc6 13. d5 Nd8 14. a4 Bb7 15. Nf1 Ne8 16. Ng3 g6 17. Bh6 Ng7 18. Qd2 f6 19. Nh2 Nf7 20. Bxg7 Kxg7 21. Bd1 Qd7 22. Bg4 Qc7 23. Qe2 c4 24. Red1 Qc5 25. Kh1 Nh6 26. Be6 Bc8 27. Bxc8 Rfxc8 28. Rd2 Rcb8 29. Qe1 Bd8 30. Ne2 Ba5 31. Nf1 b4 32. Ne3 bxc3 33. bxc3 Rb3 34. Qc1 Rab8 35. Kh2 Nf7 36. Rc2 Ng5 37. Ng3 R8b7 38. Raa2 Rb1 39. Qd2 R7b3 40. h4 Nf7 41. Qe2 Rxc3 42. Rxc3 Bxc3 43. Qxc4 Qxc4 44. Nxc4 a5 45. Ne2 Bb4 46. Rb2 1/2-1/2

[Event "Britsh Columbia-ch U20"]
[Site "Vancouver CAN"]
[Date "2012.12.01"]
[Round "2.7"]
[White "Cui, Karl"]
[Black "Su, Michael"]
[Result "1-0"]
[WhiteElo "1568"]
[BlackElo "1682"]
[PlyCount "63"]
[GameId "2160767909411219"]
[EventDate "2012.12.01"]
[EventType "swiss"]
[EventRounds "5"]
[EventCountry "CAN"]
[SourceTitle "EXT 2022"]
[Source "ChessBase"]
[SourceDate "2021.10.06"]
[SourceVersion "1"]
[SourceVersionDate "2021.10.06"]
[SourceQuality "1"]

1. d4 e6 2. c4 f5 3. Nc3 Nf6 4. Nf3 Bb4 5. Qc2 O-O 6. e3 b6 7. Bd3 Bb7 8. Bd2 Bxc3 9. Bxc3 d6 10. O-O-O Nbd7 11. Kb1 Ne4 12. Rdg1 c5 13. Be1 cxd4 14. exd4 e5 15. d5 Ndc5 16. g4 Bc8 17. g5 Bd7 18. h4 Rb8 19. g6 h6 20. Rh2 b5 21. Ng5 hxg5 22. hxg5 Re8 23. f3 Kf8 24. fxe4 bxc4 25. exf5 cxd3 26. Rh8+ Ke7 27. f6+ gxf6 28. gxf6+ Kxf6 29. Qf2+ Bf5 30. Qh4+ Kg7 31. Qh7+ Kf6 32. Qf7# 1-0

[Event "Britsh Columbia-ch U20"]
[Site "Vancouver CAN"]
[Date "2012.12.01"]
[Round "2.8"]
[White "Rathburn, Hector"]
[Black "Toi, Andrew"]
[Result "1-0"]
[WhiteElo "1650"]
[BlackElo "1544"]
[PlyCount "81"]
[GameId "2160767909411220"]
[EventDate "2012.12.01"]
[EventType "swiss"]
[EventRounds "5"]
[EventCountry "CAN"]
[SourceTitle "EXT 2022"]
[Source "ChessBase"]
[SourceDate "2021.10.06"]
[SourceVersion "1"]
[SourceVersionDate "2021.10.06"]
[SourceQuality "1"]

1. e4 c5 2. Nf3 Nc6 3. d4 cxd4 4. Nxd4 Nf6 5. Nc3 e5 6. Ndb5 a6 7. Nd6+ Bxd6 8. Qxd6 Qe7 9. Qd1 O-O 10. Bg5 h6 11. Nd5 Qc5 12. Nxf6+ gxf6 13. Bxh6 Qb4+ 14. Qd2 Qxe4+ 15. Be2 Nd4 16. Kf1 Qxe2+ 17. Qxe2 Nxe2 18. Bxf8 Ng3+ 19. hxg3 Kxf8 20. Rd1 Kg7 21. Rd6 b5 22. f3 a5 23. Kf2 b4 24. Rhd1 f5 25. Ke3 Kf8 26. g4 fxg4 27. fxg4 Ke7 28. g5 a4 29. c4 bxc3 30. bxc3 Ra7 31. R6d5 Ke6 32. Rc5 Ba6 33. Ra5 Ra8 34. Rxa4 Bb7 35. Rxa8 Bxa8 36. g4 d5 37. Rf1 Ke7 38. Rf5 e4 39. Kd4 Kf8 40. g6 Kg7 41. gxf7 1-0

[Event "Britsh Columbia-ch U20"]
[Site "Vancouver CAN"]
[Date "2012.12.01"]
[Round "3.1"]
[White "Sohal, Tanraj"]
[Black "Lo, Ryan"]
[Result "1-0"]
[WhiteElo "2192"]
[BlackElo "2217"]
[PlyCount "97"]
[GameId "2160767909411221"]
[EventDate "2012.12.01"]
[EventType "swiss"]
[EventRounds "5"]
[EventCountry "CAN"]
[SourceTitle "EXT 2022"]
[Source "ChessBase"]
[SourceDate "2021.10.06"]
[SourceVersion "1"]
[SourceVersionDate "2021.10.06"]
[SourceQuality "1"]

1. d4 Nf6 2. c4 g6 3. d5 d6 4. Nc3 Bg7 5. e4 e5 6. f3 O-O 7. Be3 Ne8 8. Qd2 f5 9. O-O-O Nd7 10. Bd3 f4 11. Bf2 a5 12. Bc2 Nc5 13. Nge2 g5 14. Kb1 Kh8 15. h3 h5 16. Rdg1 h4 17. Nc1 Bf6 18. Nd3 Nxd3 19. Bxd3 c5 20. Rc1 Bd7 21. b3 a4 22. Rc2 Qb8 23. bxa4 Bxa4 24. Rb2 Bd8 25. Ka1 Ba5 26. Rhb1 Rf7 27. Bc2 Bb4 28. Bxa4 Rxa4 29. Qc2 Ra6 30. Nb5 Nc7 31. Be1 Bxe1 32. Rxe1 Nxb5 33. Rxb5 Kg7 34. Reb1 b6 35. R1b2 Rb7 36. Kb1 Kf7 37. a4 Ke7 38. Qb3 Kd7 39. Rxc5 bxc5 40. Qxb7+ Qxb7 41. Rxb7+ Kc8 42. Rg7 Rxa4 43. Rxg5 Rb4+ 44. Kc2 Rxc4+ 45. Kd3 Ra4 46. Rg4 Ra2 47. Kc4 Rb2 48. Rxh4 Rxg2 49. Kb5 1-0

[Event "Britsh Columbia-ch U20"]
[Site "Vancouver CAN"]
[Date "2012.12.01"]
[Round "3.2"]
[White "Doknjas, John"]
[Black "Cheng, Jack"]
[Result "0-1"]
[WhiteElo "2070"]
[BlackElo "2206"]
[PlyCount "50"]
[GameId "2160767909411222"]
[EventDate "2012.12.01"]
[EventType "swiss"]
[EventRounds "5"]
[EventCountry "CAN"]
[SourceTitle "EXT 2022"]
[Source "ChessBase"]
[SourceDate "2021.10.06"]
[SourceVersion "1"]
[SourceVersionDate "2021.10.06"]
[SourceQuality "1"]

1. d4 Nf6 2. c4 g6 3. Nc3 Bg7 4. e4 d6 5. f3 O-O 6. Be3 Nc6 7. Qd2 a6 8. Nge2 Rb8 9. Nc1 e5 10. d5 Ne7 11. b4 Nh5 12. Nb3 f5 13. O-O-O fxe4 14. fxe4 Bg4 15. Re1 Nf4 16. Kb2 c6 17. c5 cxd5 18. exd5 Kh8 19. h3 Bf5 20. g3 dxc5 21. Bxc5 Nfxd5 22. Nxd5 Nxd5 23. Bxf8 Qxf8 24. Qxd5 Qxb4 25. Rd1 Be4 0-1

[Event "Britsh Columbia-ch U20"]
[Site "Vancouver CAN"]
[Date "2012.12.01"]
[Round "3.3"]
[White "Cao, Jason"]
[Black "Gedajlovic, Max"]
[Result "1-0"]
[WhiteElo "2212"]
[BlackElo "1782"]
[PlyCount "75"]
[GameId "2160767909411223"]
[EventDate "2012.12.01"]
[EventType "swiss"]
[EventRounds "5"]
[EventCountry "CAN"]
[SourceTitle "EXT 2022"]
[Source "ChessBase"]
[SourceDate "2021.10.06"]
[SourceVersion "1"]
[SourceVersionDate "2021.10.06"]
[SourceQuality "1"]

1. e4 c5 2. Nf3 d6 3. d4 cxd4 4. Nxd4 Nf6 5. Nc3 g6 6. Be3 Bg7 7. f3 O-O 8. Qd2 Nc6 9. Bc4 Bd7 10. h4 Rb8 11. O-O-O Na5 12. Bb3 b5 13. Bh6 Nxb3+ 14. Nxb3 a5 15. Bxg7 Kxg7 16. h5 Rh8 17. h6+ Kg8 18. Kb1 a4 19. Nd4 b4 20. Nd5 Nxd5 21. exd5 b3 22. cxb3 axb3 23. a3 Qc8 24. Rc1 Qb7 25. Nc6 Bf5+ 26. Ka1 Re8 27. g4 Bd7 28. g5 Bxc6 29. dxc6 Qc7 30. Qc3 e5 31. Qxb3 Rb8 32. Qc3 Kf8 33. f4 Ke7 34. fxe5 dxe5 35. Rhe1 f6 36. gxf6+ Kxf6 37. Rf1+ Ke6 38. Qc4+ 1-0

[Event "Britsh Columbia-ch U20"]
[Site "Vancouver CAN"]
[Date "2012.12.01"]
[Round "3.4"]
[White "Herdin, Matthew"]
[Black "Rathburn, Hector"]
[Result "1/2-1/2"]
[WhiteElo "1972"]
[BlackElo "1650"]
[PlyCount "70"]
[GameId "2160767909411224"]
[EventDate "2012.12.01"]
[EventType "swiss"]
[EventRounds "5"]
[EventCountry "CAN"]
[SourceTitle "EXT 2022"]
[Source "ChessBase"]
[SourceDate "2021.10.06"]
[SourceVersion "1"]
[SourceVersionDate "2021.10.06"]
[SourceQuality "1"]

1. e4 c5 2. Nf3 d6 3. d4 cxd4 4. Nxd4 Nf6 5. Nc3 a6 6. Bg5 Nbd7 7. Be2 e6 8. Qd2 Be7 9. Be3 O-O 10. O-O-O Qc7 11. g4 Nc5 12. f3 b5 13. a3 Rb8 14. g5 Nfd7 15. b4 Na4 16. Nxa4 bxa4 17. c3 Ne5 18. f4 Nc4 19. Bxc4 Qxc4 20. Kb2 e5 21. Qe2 Qxe2+ 22. Nxe2 Bg4 23. Rhe1 Bf3 24. fxe5 dxe5 25. Rd7 Rfe8 26. Ng3 a5 27. Rd5 axb4 28. axb4 Bf8 29. Ka3 Rec8 30. Rc1 Bg4 31. Kxa4 Be6 32. Rxe5 Bd6 33. Ra5 Rxc3 34. Rxc3 Rxb4+ 35. Ka3 Rb3+ 1/2-1/2

[Event "Britsh Columbia-ch U20"]
[Site "Vancouver CAN"]
[Date "2012.12.01"]
[Round "3.5"]
[White "Zhang, Yutong"]
[Black "Xiao, Alice"]
[Result "0-1"]
[WhiteElo "1536"]
[BlackElo "1890"]
[PlyCount "68"]
[GameId "2160767909411225"]
[EventDate "2012.12.01"]
[EventType "swiss"]
[EventRounds "5"]
[EventCountry "CAN"]
[SourceTitle "EXT 2022"]
[Source "ChessBase"]
[SourceDate "2021.10.06"]
[SourceVersion "1"]
[SourceVersionDate "2021.10.06"]
[SourceQuality "1"]

1. e4 c5 2. Nf3 Nc6 3. d4 cxd4 4. Nxd4 Nf6 5. Nc3 e5 6. Nf3 Bb4 7. Bd3 d5 8. exd5 Nxd5 9. Bd2 Nxc3 10. Bxc3 Bxc3+ 11. bxc3 O-O 12. O-O Qf6 13. Qd2 h6 14. h3 Bxh3 15. Qe3 Bf5 16. Rfe1 Rfe8 17. Be4 Bxe4 18. Qxe4 Rac8 19. Rad1 Qe6 20. a4 b6 21. Rd3 Kh8 22. Rde3 f6 23. Qd3 Red8 24. Qb5 Rd5 25. Qb3 Na5 26. Qa2 Qd7 27. Kf1 Rc4 28. Qa3 Rxa4 29. Qf8+ Kh7 30. Ng5+ fxg5 31. Rxe5 Rxe5 32. Rxe5 Ra1+ 33. Ke2 Qd1+ 34. Ke3 Qe1+ 0-1

[Event "Britsh Columbia-ch U20"]
[Site "Vancouver CAN"]
[Date "2012.12.01"]
[Round "3.6"]
[White "Doknjas, Joshua"]
[Black "Cui, Karl"]
[Result "1-0"]
[WhiteElo "1859"]
[BlackElo "1568"]
[PlyCount "59"]
[GameId "2160767909411226"]
[EventDate "2012.12.01"]
[EventType "swiss"]
[EventRounds "5"]
[EventCountry "CAN"]
[SourceTitle "EXT 2022"]
[Source "ChessBase"]
[SourceDate "2021.10.06"]
[SourceVersion "1"]
[SourceVersionDate "2021.10.06"]
[SourceQuality "1"]

1. e4 c6 2. d4 d5 3. Nc3 dxe4 4. Nxe4 Bf5 5. Ng3 Bg6 6. Nf3 Nd7 7. h4 h6 8. h5 Bh7 9. Bd3 Bxd3 10. Qxd3 e6 11. Bf4 Qa5+ 12. Bd2 Qc7 13. O-O-O Ngf6 14. c4 O-O-O 15. Ne4 c5 16. Nc3 cxd4 17. Nb5 Nc5 18. Qb1 Qb6 19. Bf4 Ne8 20. b4 Na6 21. a3 Nac7 22. Nfxd4 Nxb5 23. Nxb5 Nd6 24. Be3 Qa6 25. Nxa7+ Kc7 26. Qd3 Qxc4+ 27. Qxc4+ Nxc4 28. Rxd8 Kxd8 29. Rd1+ Kc7 30. Nb5+ 1-0

[Event "Britsh Columbia-ch U20"]
[Site "Vancouver CAN"]
[Date "2012.12.01"]
[Round "3.7"]
[White "Yu, Robin"]
[Black "Foote, Joanne"]
[Result "1-0"]
[WhiteElo "1509"]
[BlackElo "1725"]
[PlyCount "99"]
[GameId "2160767909411227"]
[EventDate "2012.12.01"]
[EventType "swiss"]
[EventRounds "5"]
[EventCountry "CAN"]
[SourceTitle "EXT 2022"]
[Source "ChessBase"]
[SourceDate "2021.10.06"]
[SourceVersion "1"]
[SourceVersionDate "2021.10.06"]
[SourceQuality "1"]

1. d4 d5 2. c4 e6 3. Nc3 Nf6 4. Nf3 c6 5. e3 Nbd7 6. Bd3 Be7 7. O-O O-O 8. Qc2 dxc4 9. Bxc4 b5 10. Bd3 Re8 11. e4 Nf8 12. e5 N6d7 13. Be3 a6 14. Ne4 Bb7 15. Nc5 Qc7 16. Qc3 Rac8 17. b4 Nb6 18. Bd2 Nd5 19. Qc2 Red8 20. Rad1 Kh8 21. g3 Nb6 22. Rfe1 Nbd7 23. Bg5 Nxc5 24. dxc5 Bxg5 25. Nxg5 h6 26. Nf3 a5 27. a3 axb4 28. axb4 Ra8 29. Ra1 Nd7 30. Qc3 Ra4 31. Bc2 Raa8 32. Rxa8 Rxa8 33. Qb2 Bc8 34. Nd2 Nf8 35. Ne4 Qe7 36. Nd6 Kg8 37. Re4 Ng6 38. Rg4 Nf8 39. Rf4 Qg5 40. Be4 Bd7 41. Nxf7 Qe7 42. Nd6 Be8 43. Qb1 Ra6 44. Kg2 Qa7 45. Nxe8 Ra1 46. Qb3 Ra3 47. Qd1 Ra1 48. Qd6 Nd7 49. Qxe6+ Kh8 50. Qf7 1-0

[Event "Britsh Columbia-ch U20"]
[Site "Vancouver CAN"]
[Date "2012.12.01"]
[Round "3.8"]
[White "Pulfer, Luke"]
[Black "Su, Michael"]
[Result "1/2-1/2"]
[WhiteElo "1591"]
[BlackElo "1682"]
[PlyCount "124"]
[GameId "2160767909411228"]
[EventDate "2012.12.01"]
[EventType "swiss"]
[EventRounds "5"]
[EventCountry "CAN"]
[SourceTitle "EXT 2022"]
[Source "ChessBase"]
[SourceDate "2021.10.06"]
[SourceVersion "1"]
[SourceVersionDate "2021.10.06"]
[SourceQuality "1"]

1. d4 e6 2. c4 f5 3. Nc3 Nf6 4. Nf3 Bb4 5. e3 O-O 6. Bd3 b6 7. O-O Bb7 8. a3 Bxc3 9. bxc3 d6 10. Qe2 Nbd7 11. Bb2 Qe8 12. Nd2 Ne4 13. f3 Nxd2 14. Qxd2 e5 15. d5 Kh8 16. Qe1 Qh5 17. Qg3 Rg8 18. Kh1 Nc5 19. Bc2 Ba6 20. Rad1 Bxc4 21. Rfe1 Bb5 22. f4 e4 23. Rd4 Bd3 24. Bd1 Qf7 25. c4 Qd7 26. Qg5 Raf8 27. g4 Qf7 28. h3 Qf6 29. Qxf6 Rxf6 30. g5 Rf7 31. h4 Re8 32. h5 Kg8 33. h6 gxh6 34. gxh6 Rf6 35. Rg1+ Rg6 36. Rg5 Rxg5 37. fxg5 Kf8 38. Kg2 Ke7 39. Kg3 Bf1 40. Kf2 Bd3 41. Kg3 Kd7 42. Kf4 Rf8 43. Bh5 Nb3 44. g6 Nxd4 45. Bxd4 hxg6 46. Bxg6 Bxc4 47. h7 Bxd5 48. h8=Q Rxh8 49. Bxh8 Bb7 50. Bxf5+ Ke7 51. Bxe4 d5 52. Bc2 c5 53. Be5 Kd7 54. Bc3 Ke7 55. Ke5 Kd7 56. Ba4+ Bc6 57. Bb3 c4 58. Bc2 b5 59. e4 dxe4 60. Bxe4 Bxe4 61. Kxe4 Kc6 62. Kd4 Kd6 1/2-1/2

[Event "Britsh Columbia-ch U20"]
[Site "Vancouver CAN"]
[Date "2012.12.02"]
[Round "4.1"]
[White "Cheng, Jack"]
[Black "Sohal, Tanraj"]
[Result "1-0"]
[WhiteElo "2206"]
[BlackElo "2192"]
[PlyCount "51"]
[GameId "2160767909411229"]
[EventDate "2012.12.01"]
[EventType "swiss"]
[EventRounds "5"]
[EventCountry "CAN"]
[SourceTitle "EXT 2022"]
[Source "ChessBase"]
[SourceDate "2021.10.06"]
[SourceVersion "1"]
[SourceVersionDate "2021.10.06"]
[SourceQuality "1"]

1. e4 c5 2. Nf3 Nc6 3. d4 cxd4 4. Nxd4 Nf6 5. Nc3 e6 6. Ndb5 Bc5 7. Nd6+ Ke7 8. Nxc8+ Rxc8 9. Bd3 a6 10. O-O Qc7 11. Kh1 h5 12. Bg5 Kf8 13. Bxf6 gxf6 14. f4 Bd4 15. Rb1 Ke7 16. e5 fxe5 17. f5 d5 18. fxe6 fxe6 19. Bg6 Rcf8 20. Rxf8 Rxf8 21. Qxh5 Qb6 22. Rd1 Bxc3 23. bxc3 Qf2 24. h3 Qf6 25. Qh7+ Kd6 26. Bh5 1-0

[Event "Britsh Columbia-ch U20"]
[Site "Vancouver CAN"]
[Date "2012.12.02"]
[Round "4.2"]
[White "Lo, Ryan"]
[Black "Doknjas, Joshua"]
[Result "0-1"]
[WhiteElo "2217"]
[BlackElo "1859"]
[PlyCount "44"]
[GameId "2160767909411230"]
[EventDate "2012.12.01"]
[EventType "swiss"]
[EventRounds "5"]
[EventCountry "CAN"]
[SourceTitle "EXT 2022"]
[Source "ChessBase"]
[SourceDate "2021.10.06"]
[SourceVersion "1"]
[SourceVersionDate "2021.10.06"]
[SourceQuality "1"]

1. d4 d5 2. c4 dxc4 3. Nf3 Nf6 4. e3 e6 5. Bxc4 a6 6. Bb3 b5 7. O-O c5 8. a4 b4 9. Nbd2 Bb7 10. Nc4 Nbd7 11. Qe2 Be7 12. Rd1 Qc7 13. Bd2 a5 14. Rac1 h5 15. Nce5 Nxe5 16. Nxe5 Ng4 17. Qb5+ Kf8 18. Qd7 Qb6 19. Nc4 Qa6 20. dxc5 Rh6 21. Nd6 Bxg2 22. Bc4 Qc6 0-1

[Event "Britsh Columbia-ch U20"]
[Site "Vancouver CAN"]
[Date "2012.12.02"]
[Round "4.3"]
[White "Xiao, Alice"]
[Black "Cao, Jason"]
[Result "0-1"]
[WhiteElo "1890"]
[BlackElo "2212"]
[PlyCount "70"]
[GameId "2160767909411231"]
[EventDate "2012.12.01"]
[EventType "swiss"]
[EventRounds "5"]
[EventCountry "CAN"]
[SourceTitle "EXT 2022"]
[Source "ChessBase"]
[SourceDate "2021.10.06"]
[SourceVersion "1"]
[SourceVersionDate "2021.10.06"]
[SourceQuality "1"]

1. e4 c5 2. Nf3 d6 3. Bb5+ Nd7 4. d4 Ngf6 5. Nc3 cxd4 6. Nxd4 a6 7. Bd3 g6 8. O-O Bg7 9. Be3 O-O 10. f3 Ne5 11. Qd2 Bd7 12. Kh1 Rc8 13. Nce2 Nc4 14. Bxc4 Rxc4 15. b3 Rc8 16. c4 b5 17. cxb5 axb5 18. Rac1 Rxc1 19. Rxc1 Qa8 20. Rc2 e5 21. Nxb5 Bxb5 22. Qxd6 Rd8 23. Qc5 Bxe2 24. Rxe2 Rd1+ 25. Bg1 Bf8 26. Qc2 Qd8 27. Qc3 Nh5 28. Re1 Rd2 29. Be3 Rd3 30. Qc1 Qh4 31. Kg1 Bb4 32. Re2 Qd8 33. Qc4 Rd1+ 34. Kf2 Qh4+ 35. g3 Qxh2# 0-1

[Event "Britsh Columbia-ch U20"]
[Site "Vancouver CAN"]
[Date "2012.12.02"]
[Round "4.4"]
[White "Yu, Robin"]
[Black "Doknjas, John"]
[Result "0-1"]
[WhiteElo "1509"]
[BlackElo "2070"]
[PlyCount "74"]
[GameId "2160767909411232"]
[EventDate "2012.12.01"]
[EventType "swiss"]
[EventRounds "5"]
[EventCountry "CAN"]
[SourceTitle "EXT 2022"]
[Source "ChessBase"]
[SourceDate "2021.10.06"]
[SourceVersion "1"]
[SourceVersionDate "2021.10.06"]
[SourceQuality "1"]

1. d4 Nf6 2. c4 c5 3. d5 e6 4. Nc3 exd5 5. cxd5 d6 6. e4 g6 7. Bg5 Bg7 8. Qd2 O-O 9. Bd3 Re8 10. f4 Nbd7 11. Nf3 Qb6 12. Bh4 Nxe4 13. Nxe4 f5 14. O-O fxe4 15. Rfe1 c4+ 16. Bf2 Qxb2 17. Qxb2 Bxb2 18. Rab1 Bc3 19. Rxe4 Rxe4 20. Bxe4 Nf6 21. Bc2 Nxd5 22. Be4 Nxf4 23. Bxb7 Bxb7 24. Rxb7 d5 25. Bxa7 Rc8 26. Be3 Ne6 27. Rd7 Rd8 28. Re7 Rd6 29. Bh6 Bf6 30. Rc7 Nxc7 31. Bf4 Rc6 32. a4 c3 33. Ne1 c2 34. Nxc2 Rxc2 35. a5 Bd4+ 36. Kh1 Rf2 37. Bxc7 Rf1# 0-1

[Event "Britsh Columbia-ch U20"]
[Site "Vancouver CAN"]
[Date "2012.12.02"]
[Round "4.5"]
[White "Gedajlovic, Max"]
[Black "Herdin, Matthew"]
[Result "0-1"]
[WhiteElo "1782"]
[BlackElo "1972"]
[PlyCount "70"]
[GameId "2160767909411233"]
[EventDate "2012.12.01"]
[EventType "swiss"]
[EventRounds "5"]
[EventCountry "CAN"]
[SourceTitle "EXT 2022"]
[Source "ChessBase"]
[SourceDate "2021.10.06"]
[SourceVersion "1"]
[SourceVersionDate "2021.10.06"]
[SourceQuality "1"]

1. d4 Nf6 2. c4 g6 3. Nc3 Bg7 4. e4 d6 5. f3 O-O 6. Be3 Nc6 7. Nge2 a6 8. Qd2 e5 9. d5 Ne7 10. g4 c6 11. Ng3 cxd5 12. cxd5 b5 13. h4 Nd7 14. Bh6 f6 15. Bxg7 Kxg7 16. h5 g5 17. h6+ Kh8 18. Nf5 Nxf5 19. gxf5 Nb6 20. Qg2 Bd7 21. Bd3 Qe7 22. Kf2 b4 23. Ne2 Na4 24. Rab1 Nc5 25. Rhd1 Nxd3+ 26. Rxd3 Bb5 27. Rd2 Qa7+ 28. Kg3 Qe3 29. Rbd1 g4 30. Qf2 Qxh6 31. fxg4 Rg8 32. Rc2 Rxg4+ 33. Kxg4 Bxe2+ 34. Qxe2 Rg8+ 35. Kf3 Qf4# 0-1

[Event "Britsh Columbia-ch U20"]
[Site "Vancouver CAN"]
[Date "2012.12.02"]
[Round "4.6"]
[White "Rathburn, Hector"]
[Black "Cui, Karl"]
[Result "0-1"]
[WhiteElo "1650"]
[BlackElo "1568"]
[PlyCount "72"]
[GameId "2160767909411234"]
[EventDate "2012.12.01"]
[EventType "swiss"]
[EventRounds "5"]
[EventCountry "CAN"]
[SourceTitle "EXT 2022"]
[Source "ChessBase"]
[SourceDate "2021.10.06"]
[SourceVersion "1"]
[SourceVersionDate "2021.10.06"]
[SourceQuality "1"]

1. Nf3 d5 2. d4 Nf6 3. c4 c6 4. Nc3 dxc4 5. Ne5 Bf5 6. Nxc4 e6 7. f3 c5 8. Qb3 b6 9. Qa4+ Nbd7 10. e4 cxd4 11. Nb5 Nxe4 12. fxe4 Qh4+ 13. g3 Qxe4+ 14. Be3 Kd8 15. O-O-O Rc8 16. Nc3 Rxc4 17. Bxc4 Qxe3+ 18. Rd2 e5 19. Qxa7 dxc3 20. Qa8+ Ke7 21. Qa3+ Kf6 22. Qxc3 Qxc3+ 23. bxc3 Ba3+ 24. Kd1 Rc8 25. Bd3 Bxd3 26. Rxd3 Ke6 27. Ke2 e4 28. Re3 f5 29. c4 Bc5 30. Rb3 Ra8 31. Rb2 Ne5 32. Rc2 Ra4 33. Rhc1 Ba3 34. Rd1 Rxc4 35. Rxc4 Nxc4 36. Rd4 Nd6 0-1